000 00978nam0a22002411 4500
001 rc\2309910
005 20250623044803.0
035 _a(NLR Aleph) 006573770
090 _a6973038
_c6973038
100 _a20110829d1977 |||y0rusy50 ca
101 0 _arus
102 _aRU
105 _ay z |||||
200 1 _a60 лет советской медицины
_e(Тезисы докл.)
_fМ-во здравоохранения СССР. Всесоюз. науч. о-во историков медицины. ВНИИ мед. и медико-техн. информ. IV пленум Правл. Всесоюз. науч. о-ва историков медицины. Самарканд, 30 нояб. - 2 дек. 1977 г.
210 _aМосква
_cБ. и.
_d1977
215 _a143 с.
_d20
801 0 _aRU
_bNLR
_gpsbo
801 1 _aRU
_bELAR
_2rusmarc
852 _aNLR
_j78-3/1178
899 _aRuMoRGB
_jБ 77-27/2170
899 _aRuMoRGB
_jБ 77-27/2171
942 _cBOOK
980 _aNB